[Event "SVR-op"]
[Site "Heimbach Weis"]
[Date "2017.04.15"]
[Round "7"]
[White "Schupfer, Michael"]
[Black "Stau, Torsten"]
[Result "0-1"]
[WhiteElo "1237"]
[BlackElo "1780"]
[PlyCount "76"]
[EventDate "2017.04.08"]
[EventType "swiss"]
[EventRounds "7"]
[EventCountry "GER"]
[SourceTitle "EXT 2020"]
[Source "ChessBase"]
[SourceDate "2019.10.17"]
[SourceVersion "1"]
[SourceVersionDate "2019.10.17"]
[SourceQuality "1"]

1. e4 e6 2. d4 d5 3. e5 c5 4. Nf3 Nc6 5. Be3 Qb6 6. b3 cxd4 7. Nxd4 Bc5 8. c3 Nxe5 9. b4 Be7 10. Nf5 Qd8 11. Nxg7+ Kf8 12. Nh5 Ng6 13. Bd3 Bd7 14. Qd2 h6 15. f4 a6 16. Bd4 Nf6 17. Bxf6 Bxf6 18. 0-0 Be7 19. f5 Bg5 20. Qf2 Rg8 21. fxg6 f5 22. g4 Qe7 23. gxf5 exf5 24. g7+ Rxg7 25. Nxg7 Be3 26. Nxf5 Bxf5 27. Bxf5 Bxf2+ 28. Rxf2 Qe3 29. Kf1 Qc1+ 30. Ke2 Qb2+ 31. Bc2+ Ke7 32. Kd1 Qxa1 33. a3 Rc8 34. Rf3 Rg8 35. Re3+ Kd6 36. Kc1 Rg1+ 37. Bd1 Rxd1+ 38. Kxd1 Qxb1+ 0-1

[Event "GER-ch U10"]
[Site "Willingen"]
[Date "2015.05.27"]
[Round "6"]
[White "Schupfer, Michael"]
[Black "Sklarski, Lior"]
[Result "0-1"]
[WhiteElo "1173"]
[BlackElo "1087"]
[PlyCount "62"]
[EventDate "2015.05.24"]
[EventType "swiss"]
[EventRounds "11"]
[EventCountry "GER"]
[SourceTitle "CBM 166 Extra"]
[Source "ChessBase"]
[SourceDate "2015.06.18"]
[SourceVersion "1"]
[SourceVersionDate "2015.06.18"]
[SourceQuality "1"]

1. e4 e6 2. d4 d5 3. exd5 exd5 4. Nc3 c6 5. h3 Bd6 6. Nf3 Nf6 7. Bg5 Be6 8. Qd3 Nbd7 9. 0-0-0 0-0 10. Re1 Re8 11. Ne5 Qc7 12. Qe3 Bf5 13. Qf3 Bxe5 14. dxe5 Rxe5 15. Rxe5 Qxe5 16. Bd3 Bxd3 17. Bxf6 Nxf6 18. Qxd3 Re8 19. b3 Qg5+ 20. Kd1 Qxg2 21. Rf1 Ne4 22. Re1 Nxf2+ 23. Kd2 Nxd3+ 24. Kxd3 Rxe1 25. Kd4 b6 26. Nxd5 Qxd5+ 27. Kc3 Rd1 28. Kb2 Qc5 29. h4 Rd2 30. h5 Rxc2+ 31. Kb1 Qc3 0-1

[Event "GER-ch U10"]
[Site "Willingen"]
[Date "2015.05.25"]
[Round "3"]
[White "Heutling, Elina"]
[Black "Schupfer, Michael"]
[Result "0-1"]
[WhiteElo "1140"]
[BlackElo "1173"]
[PlyCount "124"]
[EventDate "2015.05.24"]
[EventType "swiss"]
[EventRounds "11"]
[EventCountry "GER"]
[SourceTitle "CBM 166 Extra"]
[Source "ChessBase"]
[SourceDate "2015.06.18"]
[SourceVersion "1"]
[SourceVersionDate "2015.06.18"]
[SourceQuality "1"]

1. e4 c5 2. Nf3 Nc6 3. d4 cxd4 4. Nxd4 Nxd4 5. Qxd4 d6 6. Bc4 e5 7. Qd5 Be6 8. Qb5+ Qd7 9. Qxd7+ Bxd7 10. Nc3 Rc8 11. Bd5 Rc7 12. 0-0 Nf6 13. f4 Nxd5 14. exd5 g6 15. Re1 Bg7 16. fxe5 dxe5 17. Bf4 f6 18. Re2 0-0 19. Bg3 Re8 20. Rae1 a6 21. h3 Bb5 22. Re3 Bc4 23. b3 Bb5 24. a4 Bd7 25. R1e2 Bf5 26. Bh2 g5 27. g4 Bg6 28. a5 Rec8 29. d6 Rd7 30. Rd2 Rc6 31. Ne4 Bxe4 32. Rxe4 Rcxd6 33. Rxd6 Rxd6 34. Kf2 Rd2+ 35. Re2 Rxe2+ 36. Kxe2 Kf7 37. c4 Ke6 38. Ke3 Bf8 39. Ke4 Bb4 40. Bg1 Bxa5 41. Bc5 Bc7 42. Ba3 b6 43. c5 bxc5 44. Bxc5 Bd6 45. Bxd6 Kxd6 46. Kf5 Kd5 47. Kxf6 e4 48. Kxg5 e3 49. Kh6 e2 50. h4 e1Q 51. Kh5 Qe5+ 52. g5 Qe8+ 53. Kg4 Ke5 54. h5 Qe7 55. h6 Qb4+ 56. Kh5 Qb6 57. Kg4 Qg6 58. Kh4 Kf5 59. Kh3 Qxg5 60. Kh2 Kf4 61. Kh1 Kf3 62. b4 Qg2# 0-1

[Event "GER-ch U10"]
[Site "Willingen"]
[Date "2015.05.25"]
[Round "4"]
[White "Schupfer, Michael"]
[Black "Zeuner, Ole"]
[Result "0-1"]
[WhiteElo "1173"]
[BlackElo "1493"]
[PlyCount "120"]
[EventDate "2015.05.24"]
[EventType "swiss"]
[EventRounds "11"]
[EventCountry "GER"]
[SourceTitle "CBM 166 Extra"]
[Source "ChessBase"]
[SourceDate "2015.06.18"]
[SourceVersion "1"]
[SourceVersionDate "2015.06.18"]
[SourceQuality "1"]

1. e4 c5 2. Nf3 Nc6 3. Bc4 e6 4. Nc3 Nf6 5. d3 d5 6. exd5 exd5 7. Qe2+ Be7 8. Bb3 0-0 9. 0-0 Bg4 10. Qd1 Nd4 11. h3 Nxf3+ 12. gxf3 Bxh3 13. Re1 Be6 14. a3 Bd6 15. Kf1 Bh3+ 16. Ke2 Re8+ 17. Be3 d4 18. Kd2 dxe3+ 19. fxe3 a6 20. Qe2 b5 21. Nd5 Nxd5 22. Bxd5 Rb8 23. Rh1 Bd7 24. f4 Bxf4 25. Bxf7+ Kxf7 26. Qh5+ Kf8 27. Raf1 h6 28. Rxf4+ Kg8 29. Rg1 Qe7 30. Rg3 Qe6 31. Re4 Qf5 32. Qh2 Rxe4 33. dxe4 Qxe4 34. Qxh6 Qe5 35. Rg5 Qe7 36. Rg2 Rd8 37. Ke2 Be6 38. Qg6 Bc4+ 39. Kf2 Rd2+ 40. Kf3 Bd5+ 41. e4 Rxg2 42. Qf5 Bxe4+ 43. Qxe4 Qxe4+ 44. Kxe4 Rf2 45. Kd5 c4 46. b3 Rxc2 47. bxc4 Rxc4 48. a4 g5 49. axb5 axb5 50. Ke5 g4 51. Kf5 g3 52. Ke5 g2 53. Kd5 g1Q 54. Ke5 Qd4+ 55. Ke6 Rc6+ 56. Kf5 Rc5+ 57. Ke6 Qd5+ 58. Ke7 Qe5+ 59. Kd8 Qd6+ 60. Ke8 Rc8# 0-1